MDQL
is popping MORE tags! Check the
thread
!
Quizzes
Events
Quiz Creation
Community
Videos
Private Events
Remove Ads
Sign In
Join for FREE
Feedback
Dark Mode
Quiz Categories
Sports
Geography
Music
Movies
Television
Just For Fun
Miscellaneous
History
Literature
Language
Science
Gaming
Entertainment
Religion
Holiday
For Kids
Quiz Lab
Recent
Popular Today
Quiz Kudos Today
Editor Picks
Curator Picks
Quizzes by...
Day
Popularity
Type
Ratings
Length
Year
Community
Subscriptions
Recent Discussions
Orange Saloon
Badges
Playlists
Quests
Create
Leaderboards
Showdown
Live 5
Trivia Bingo
Activity
Puzzle Library
Sporcle Events
Private Events
Virtual Trivia
Globe League
Become a Host
Pub Owners
SporcleCon
Opinionation
Our Games
Videos
Blog
Mobile Apps
Partnerships
Remove Ads and Go Orange
Feedback
Sports
Athletes
MLB
NBA
NHL
NFL
Soccer
Sports Teams
WWE
NCAA
Football
Premier League
Basketball
Baseball
Hockey
Golf
Tennis
Cricket
Rugby
Auto Racing
Olympics
World Cup
Sports
Athletes
MLB
NBA
NHL
NFL
Soccer
Sports Teams
WWE
NCAA
Football
Premier League
Basketball
Baseball
Hockey
Golf
Tennis
Cricket
Rugby
Auto Racing
Olympics
World Cup
Random Quiz
Search Sporcle
×
Quiz Lab
Quiz Lab
Sports
date
Type in answers that appear in a list
Type in answers that appear in a list
Classic
Best Score? Go Orange.
The worst blown saves in Mariners history Stats
Can you name the relievers who committed the most egregious blown saves in Mariners history (by WPA)?
By
Andrew_Rice
12m
43 Questions
1,111 Plays
1,111 Plays
1,111 Plays
Comments
Comments
Give Quiz Kudos
Give Quiz Kudos
-
- Ratings
hide this ad
Replay
Link that replays current quiz
Next Quiz
Link to next quiz in quiz playlist
You Got
0%
They Got
Avg Score
35%
Avg Friend Score
Upgrade to see
Score Distribution
Jump to the score distribution portion of the page
Score
0/43
Timer
12:00
0
Plays Today
Date
Player
% Correct
2017-
04-
09
Edwin Diaz
81.5%
1995-
08-
15
Bobby Ayala
79.2%
1998-
05-
21
Bobby Ayala
79.2%
2003-
04-
19
Kazuhiro Sasaki
76.1%
2001-
08-
10
Kazuhiro Sasaki
76.1%
1997-
05-
27
Norm Charlton
61.1%
1996-
05-
17
Norm Charlton
61.1%
1997-
09-
17
Norm Charlton
61.1%
2015-
04-
14
Fernando Rodney
53.6%
2014-
04-
16
Fernando Rodney
53.6%
2003-
06-
20
Jeff Nelson
47.3%
2011-
05-
13
Brandon League
47.3%
2012-
05-
17
Brandon League
47.3%
2011-
08-
23
Brandon League
47.3%
2013-
06-
01
Tom Wilhelmsen
44.5%
2010-
04-
24
David Aardsma
43.7%
2009-
05-
31
David Aardsma
43.7%
2009-
07-
08
David Aardsma
43.7%
2010-
06-
11
David Aardsma
43.7%
2010-
05-
30
David Aardsma
43.7%
2004-
07-
08
Eddie Guardado
36.9%
2015-
08-
01
Carson Smith
29.2%
Date
Player
% Correct
1992-
06-
06
Mike Schooler
28.8%
1992-
04-
06
Mike Schooler
28.8%
1991-
08-
22
Mike Schooler
28.8%
1992-
09-
06
Mike Schooler
28.8%
2009-
05-
14
Brandon Morrow
22.6%
2008-
04-
06
Mark Lowe
19.9%
1991-
04-
25
Michael Jackson
19.2%
1990-
08-
12
Michael Jackson
19.2%
2013-
08-
14
Danny Farquhar
17.6%
2013-
05-
20
Charlie Furbush
16.5%
2017-
04-
05
Chase De Jong
13.5%
1977-
08-
11
Enrique Romo
9.3%
1978-
06-
14
Enrique Romo
9.3%
1978-
09-
15
Enrique Romo
9.3%
2009-
04-
07
Miguel Batista
7.8%
2008-
06-
21
Miguel Batista
7.8%
1979-
08-
29
Shane Rawley
6.7%
2011-
06-
21
David Pauley
6.4%
1978-
07-
18
Dick Pole
3.5%
1990-
08-
24
Gene Harris
3.5%
1977-
06-
26
Mike Kekich
1.6%
Quiz Playlist
Details
Report
Send in Message
Add To Playlist
Classic:
Type in answers that appear in a list
Last Updated: Apr 14, 2017
Quiz Scoreboard
CHALLENGE
Sign Up to Join the Scoreboard
Show All
Scores
Hide
Comments
May contain spoilers
Recently Published
Two Season TV Shows II
by 123Four
Television
10m
Image Sorting: Flags VI
by Barbecue
Geography
2m
Find the 'City' Movie
by crazypaving
Movies
60s
More to Explore
Quiz From the Vault
Featured Blog Post
14 Easter Pick-up Lines to Find Eggs With
hide this ad
You Might Also Like...
Tags
Blown
Committed
date
Player
Reliever
Save
Seattle Mariners
Worst
Today's Top Quizzes in Sports
Browse Sports
hide this ad
Today's Top Quizzes in date
Browse date
Top Contributed Quizzes in Sports
1
Les meilleurs buteurs des matchs entre le PSG et l’OM
2
Les entraîneurs de l'OM et du PSG au 21e siècle
3
2022 World Cup Stars
4
Les joueurs passés par le PSG et l'OM
5
Players with Multiple 50 Home Run Seasons
6
FIFA Club World Cup Champions
7
Criteria MLB: Left Handed Sluggers
8
Les joueurs passés par le LOSC et le RC Lens
9
Top 10 NHL Goal Scorers of All Time
10
MLB Players with Two .350 Batting Average Seasons
Explore More
Trending Topics
Crossword
Kpop
Anime
Harry Potter
NBA
Disney
Marvel
The Office
Puzzle
WWE
Country
Pokémon
Song
NFL
Soccer
hide this ad
More By:
Andrew_Rice
Quiz
Plays
Rating
Category
Featured
Created
Do you know your 2016 Mariners?
3,093
3.50
Sports
Dec 14, 2015
The metropolitan populations of cities with MLB teams
2,116
4.14
Sports
Feb 2, 2017
Seattle Mariners: Most games at each position
1,913
4.67
Sports
Feb 18, 2016
Mariners who hit a home run in 2015
1,831
1.60
Sports
Jan 21, 2016
M's players with a single-season OBP ≥0.340
1,730
3.00
Sports
Dec 17, 2015
Go to Creator's Profile
Score Distribution
Quiz Creator Spotlight
Andrew_Rice
Follow
Send a Message
Quizzes Created
-
Created Quiz Play Count
-
More By This Creator
Popular Quizzes Today
1
Find the US States - No Outlines Minefield
2
Colored Red Africa Blitz
3
Find the 'City' Movie
4
5x2 Blitz: Bands
5
The Countries of the World
6
Find the Countries of Europe - No Outlines Minefield
7
Find the US States
8
US States
More Sports Quizzes
WWE PPV Opponents - Kofi Kingston
Quiz Lab
Trending Quizzes
Colored Red Europe Blitz I
Colored Red Africa Blitz II
Colored Red Europe Blitz II
Colored Red Africa Blitz III
Colored Red Europe Blitz III
Recently Updated
How Do You Spell That?
pecheneg
Godzilla Movies
pecheneg
Grab Bag: 4-10 Letters
pecheneg
2024 March Madness Bracket
pecheneg
Famous TV Couples
Peacemaker
Champions League XIs: Real Madrid
pecheneg
Largest US Cities 1790-2010
pecheneg
Rides in Walt Disney World
pecheneg
Most Oscar Losses (Acting)
pecheneg
Beyoncé Albums
pecheneg
Trending Topics
Anime
Crossword
Harry Potter
Marvel
Disney
Kpop
NBA
Pokémon
Soccer
Puzzle
Song
WWE
NFL
The Office
Country
Your Account Isn't Verified!
In order to create a playlist on Sporcle, you need to verify the email address you used during registration. Go to your
Sporcle Settings
to finish the process.
Report this User
Report this user for behavior that violates our
Community Guidelines
.
Details:
Send Report
Go to the Sporcle.com Mobile Site →
Comments